000 00494nam a2200181Ia 4500
005 20250508151441.0
008 008 250505s9999 xx 000 0 eng d
037 _aTextual
040 _aFEDL
_beng
_cFEDL
041 _aeng
_2eng
084 _a911.3, ABB
_qFEDL
100 _aAbbott R
_9293350
245 0 _aMan's work and needs
260 _aLondon, UK
_bUniversity of London Press Ltd.
_c1954
300 _a296p.
942 _cTEXL
_h911.3, ABB
999 _c1329875
_d1329875